000 00665nam a2200205Ia 4500
003 GCL
008 140319s9999 xx 000 0 ara d
040 _aGCL /
_cGCL
082 0 4 _a810.8
_bع ق
100 1 _aعبدالله الشيمى
245 1 0 _aالقصة القصيرة عند السيد حافظ /
_cعبدالله الشيمى
700 1 _aسعيد فرحات
260 _a[S.N] :
_bلجنة الاعلام والدراسات المستقبلية
490 _a
650 0 4 _aالادب العربى
650 0 4 _aالقصص الاجتماعية
650 0 4 _aالقصة العربية
650 0 4 _aالقصة القصيرة
942 _2ddc
_cBK
999 _c32433
_d32433